Statistics for Roman Generals

Click here to take the quiz!

General Stats

  • This quiz has been taken 59 times
  • The average score is 7 of 12

Answer Stats

HintAnswer% Correct
Conquered Gaul, led the first invasion of Britain. Later dictator before being assasinatedgaius julius caesar
94%
Defeated Hannibal at the Battle of Zamascipio africanus
83%
Roman emperor who expanded the empire to it's greatest extent conquering the Dacians and sacking the Parthian capitaltrajan
73%
Above's second in commandand later defeated his assassins, ruled the eastern part of the "republic" for a period of timemark antony
71%
Reformed the roman army and was a 7 time consulgaius marius
67%
Rome's Alexander, defeated mediterranean pirates, pacified hispania and fought in the 3rd mithridatic war.gnaeus pompey magnus
67%
Captured Jugurtha whilst serving under the above, later became dictator for lifelucius cornelius sulla
67%
Had great success against the germanic peoples, avenged the earlier defeat at the battle of the teutoburg forrest reclaiming 2 out of 3 lost roman eagle standards, father of the emperor Caligulagermanicus
58%
Emperor who ended the crisis of the 3rd centuary and reconquered all provinces lost during that period, given the honorific title "restorer of the world"aurelian
50%
Main general and close friend of the emperor Augustus, defeated above at the battle of Actiummarcus agrippa
44%
Forced to retreat after the Civil War to hispania where he created a mini republic based on Roman principals, successful guerilla fighterquintus sertorius
23%
Oversaw the seige and then destruction of Carthagescipio aemilianus
23%

Score Distribution

Percentile by Number Answered

Percent of People with Each Score

Your Score History

You have not taken this quiz